| 000 | 00382nam a2200145Ia 4500 | ||
|---|---|---|---|
| 008 | 260223s2023 xx 000 0 und d | ||
| 020 | _a97893811390369 | ||
| 041 | _aeng | ||
| 082 | _a362.173068/KUM | ||
| 100 | _aKumari Neelam | ||
| 245 | _aNursing Administration & Ward Management | ||
| 260 |
_aNew Delhi _bPV, Pub _c2023 |
||
| 300 | _a237P | ||
| 650 | _aNursing Administration | ||
| 999 |
_c1216384 _d1216384 |
||